000 00717cam a22002054a 4500
999 _c109166
_d109166
001 12946218
005 20181129110014.0
008 020926s2003 ilu 000 0aeng
020 _a0071410694 (alk. paper)
040 _cPK-LaUMT
082 0 0 _a616.852620092
_221
_bHEN-S
100 1 _aHendricks, Jennifer
245 1 0 _aSlim to none :
_ba journey through the wasteland of anorexia treatment /
_cJennifer Hendricks ; [edited and narrated by Gordon Hendricks].
260 _aChicago :
_bContemporary Books,
_c2003
300 _axxiv, 312 p. ;
_c22 cm.
650 0 _aAnorexia nervosa
_xPatients
_zUnited States
650 0 _aAnorexia nervosa
_xPatients
_zUnited States
700 1 _aHendricks, Gordon,
942 _cBK